What a life / (Record no. 147295)

MARC details
000 -LEADER
fixed length control field 00593nam a22001937a 4500
005 - DATE AND TIME OF LATEST TRANSACTION
control field 20171111113743.0
010 ## - LCCN (DPL NO)
LC control number ENG-121350
020 ## - INTERNATIONAL STANDARD BOOK NUMBER
Terms of availability 995.00
International Standard Book Number 9788129001061
035 ## - SYSTEM CONTROL NUMBER
System control number EN-104882
037 ## - SOURCE OF ACQUISITION
Source of stock number/acquisition DBAD/PUB
082 ## - DEWEY DECIMAL CLASSIFICATION NUMBER
Classification number 808.883
100 ## - MAIN ENTRY--PERSONAL NAME
Personal name Bhatt,Tochi
245 ## - TITLE STATEMENT
Title What a life /
Statement of responsibility, etc by Yochi Bhatt
260 ## - PUBLICATION, DISTRIBUTION, ETC. (IMPRINT)
Place of publication, distribution, etc New Delh
Name of publisher, distributor, etc A New Era International Imprint
Date of publication, distribution, etc 2015
270 ## - ADDRESS
Address SCO 49-51,Sector-17C,Post Box-52
City Chandigarh
Postal code 150017
300 ## - PHYSICAL DESCRIPTION
Extent 112,[P-32]P. :
Dimensions 22cm.(Hb)
Other physical details ill.
500 ## - GENERAL NOTE
General note Includes bibliographical references
942 ## - ADDED ENTRY ELEMENTS (KOHA)
Source of classification or shelving scheme Dewey Decimal Classification
Item type English Books
Classification part 808.883
Call number suffix BHA
Holdings
Withdrawn status Lost status Not for loan Collection code Home library Current library Date acquired Source of acquisition Cost, normal purchase price Full call number Barcode Copy number Cost, replacement price Koha item type
    Not For Loan Non-fiction D.B.Act.Division Bawana 11/11/2017 DBAD/PUB 995.00 808.883 BHA EN-104882 1 995.00 English Books

© Delhi Public Library
Hit Counter
free hit counter